K základným otázkam lexikológie

Bibliographic Details
Main Author: Blanár, Vincent, 1920-2012 (Author)
Format: Book
Language:Slovak
PhysicalDescription:s. 3-12 23 cm
Published: s.l. s.n. b.r.
Subjects:

MARC

LEADER 00000nam a2200000 a 4500
001 vtls001445146
003 SK-MaSNL
005 20260426004700.0
008 240315sm y0 xo r 0 slo
035 |a SNK000400378 
040 |a SNK  |b slo  |c SNK  |e AACR2 
041 0 |a slo 
044 |a xo  |c SK 
072 7 |a 811.162.4  |2 konspekt 
080 |a 811.162.4  |2 1981 
080 |a 81`373  |2 1981 
080 |a 81`37  |2 1981 
080 |a 371.3  |2 1981 
080 |a (048.8)  |2 1981 
100 1 |a Blanár, Vincent,  |d 1920-2012  |4 aut  |9 89998 
245 1 |a K základným otázkam lexikológie  |c Vincent Blanár 
260 |a s.l.  |b s.n.  |c b.r. 
300 |a s. 3-12  |c 23 cm 
500 |a Separátny výtlačok: Sborník Filozofickej fakulty Univerzity Komenského. Roč. 9. Čís. 64 
504 |a Bibliogr. odkazy. Res. rus. a franc. 
650 0 7 |a slovenčina  |2 SNK  |9 1350 
650 0 7 |a lexikológia  |2 SNK  |9 866 
650 0 7 |a sémantika  |2 SNK  |9 22710 
650 0 7 |a vzdelávanie  |2 SNK  |9 4033 
655 7 |a separáty  |2 SNK  |9 70334 
655 7 |a články z novín a časopisov  |2 SNK  |9 267496 
655 7 |a štúdie  |2 SNK  |9 57033 
999 |c 986812  |d 988742 
952 |t P60, <03>, [BOOK], {603}  |a SNK  |b SNK  |y PREZ  |7 0  |p 17A0363298  |o snkOSC 21897  |i snkK 860/2002  |0 0  |1 0  |4 0  |d 2002-11-25  |l 0  |r 2005-01-02 00:00:00  |w 2026-02-24